| 000 | 00496 a2200181 4500 | ||
|---|---|---|---|
| 003 | OSt | ||
| 005 | 20260307132724.0 | ||
| 008 | 260307b |||||||| |||| 00| 0 eng d | ||
| 020 | _a9789362540874 | ||
| 040 | _coclc | ||
| 082 |
_a894.812301 _bGAN/O |
||
| 100 |
_aGanga, Jinsah _910622 |
||
| 245 |
_aODA / _cJINSHA GANGA |
||
| 250 | _a7th Ed. | ||
| 260 |
_aKottayam: _bD C Books. _c2025, |
||
| 300 | _a157 pages | ||
| 942 |
_2ddc _cBK _h894.812301 _iGAN/O _k894.812301 _mGAN/O |
||
| 999 |
_c44664 _d44664 |
||